Statistiken für Alle Achterbahn im Movie Park

Klicken Sie hier um das Quiz zu spielen!

Allgemein

  • Dieses Quiz wurde 30 mal gespielt
  • Das Durchschnittsergebnis liegt bei 5 aus 8

Antwortstatistiken

HintEröffnetAntwort% Korrekt
714.6.2017Star Trek: Operation Enterprise
88%
27.5.1999Bandit
80%
618.6.2011Van Helsing's Factory
68%
503/2007Jimmy Neutron's Atomic Flyer
60%
11996Backyardigans: Mission to Mars
52%
823.6.2021Studio Tour
52%
46.4.2001Iron Claw
44%
32000Ghost Chasers
40%

Verteilung der Resultate

Perzentil nach korrekt beantworteten Fragen

Anzahl Personen mit jedem Resultat

Ihre Resultats-Entwicklung

Sie haben dieses Quiz noch nicht gespielt